| 000 | 01185nam a2200337Ia 4500 | ||
|---|---|---|---|
| 001 | dia_4564 | ||
| 003 | CHAP | ||
| 005 | 20251021152211.0 | ||
| 008 | 220117s1972 xx 000 0 und d | ||
| 010 | _a175229 | ||
| 040 | _cCHAP | ||
| 082 | _a664.922 E34 1972 | ||
| 100 |
_aEffenberger, Gerhard _935744 |
||
| 245 |
_aEmpaquetado de la carne y productos cárnicos / _c Gerhard Effenberger y Kurt Schotte ; traducción José Romero Muñoz de Arenillas |
||
| 260 |
_aEspaña : _b Acribia, _c1972 |
||
| 300 | _a186 p. | ||
| 440 |
_aCiencia y tecnología de la carne. Teoría y práctica ; 3 _9156180 |
||
| 500 | _aTítulo original: Verpackung von Fleisch und Fleischwaren | ||
| 503 | _aC/e | ||
| 504 | _aIncluye bibliografías | ||
| 590 | _aTS1970 E34 1972 | ||
| 650 |
_aCarne _xEmpaques _xIndustria _9156181 |
||
| 650 |
_aIndustria y comercio de la carne _9138318 |
||
| 650 |
_aMeat industry and trade _9151411 |
||
| 700 |
_aRomero Muñoz de Arenillas, José, tr. _9156182 |
||
| 700 |
_aSchotte, Kurt, coaut. _9156183 |
||
| 901 | _a664.922 E34 1972 | ||
| 902 | _aM | ||
| 905 | _a5232271972 sp admn8222223322spa16 | ||
| 942 |
_cLIBRO _2ddc |
||
| 999 |
_c175229 _d175229 |
||